The Internet book : everything you need to know about computer networking and how the internet works
Αποθηκεύτηκε σε:
| Κύριος συγγραφέας: | |
|---|---|
| Μορφή: | Βιβλίο |
| Γλώσσα: | English |
| Δημοσίευση: |
Upper Saddle River , New Jersey :
Prentice-Hall,
c1994.
|
| Έκδοση: | 2nd ed. |
| Θέματα: | |
| Ετικέτες: |
Προσθήκη ετικέτας
Δεν υπάρχουν, Καταχωρήστε ετικέτα πρώτοι!
|
MARC
| LEADER | 00000cam a2200000 i 4500 | ||
|---|---|---|---|
| 001 | 1/13418 | ||
| 008 | 001129s1994 nju| ||| |||| ||eng|| | ||
| 020 | |a 0138901619 | ||
| 035 | |l 10064612 | ||
| 040 | |a GR-MyUa |b gre |e AACR2 | ||
| 041 | 0 | |a eng | |
| 082 | 7 | |a 004.678 |2 (22) | |
| 100 | 1 | |a Comer, Douglas. | |
| 245 | 1 | 4 | |a The Internet book : |b everything you need to know about computer networking and how the internet works / |c Douglas E. Comer. |
| 250 | |a 2nd ed. | ||
| 260 | |a Upper Saddle River , New Jersey : |b Prentice-Hall, |c c1994. | ||
| 300 | |a xxiv, 327 σ. : |b εικ. ; |c 24 εκ. | ||
| 500 | |a Περιλαμβάνει ευρετήριο. | ||
| 650 | 0 | |a Internet. | |
| 650 | 0 | |a Computer networks. | |
| 650 | 0 | |a World Wide Web. | |
| 852 | |a INST |b SYROS |e 20001129 |h 004.678 COM |p 005500001948 |q 005500001948 |t BK |y 0 | ||
| 901 | |a BIBL5-2000-3 | ||
| 922 | |a 5ΕΛΗ |b 200011 |c Γραφικών Τεχνών |d Leader Books | ||
| 970 | |a Κοντού |b Παρασκευή |z 29/11/2000 | ||